| 000 | 01362nam a2200361 a 4500 | ||
|---|---|---|---|
| 001 | ebr10580228 | ||
| 003 | CaPaEBR | ||
| 006 | m u | ||
| 007 | cr cn||||||||| | ||
| 008 | 120120s2012 njua sb 001 0 eng d | ||
| 010 | _z 2012001610 | ||
| 020 | _z9781118074008 (hardback) | ||
| 020 | _z9781118222508 (e-book) | ||
| 040 |
_aCaPaEBR _cCaPaEBR |
||
| 035 | _a(OCoLC)808345299 | ||
| 043 | _an-us--- | ||
| 050 | 1 | 4 |
_aHC106.83 _b.Y35 2012eb |
| 082 | 0 | 4 |
_a330.01/5195 _223 |
| 100 | 1 | _aYamarone, Richard. | |
| 245 | 1 | 4 |
_aThe trader's guide to key economic indicators _h[electronic resource] / _cRichard Yamarone. |
| 250 | _a3rd ed. | ||
| 260 |
_aHoboken, N.J. : _bJohn Wiley & Sons, Inc., _cc2012. |
||
| 300 |
_ax, 304 p. : _bill. |
||
| 490 | 1 | _aBloomberg financial series | |
| 504 | _aIncludes bibliographical references and index. | ||
| 533 |
_aElectronic reproduction. _bPalo Alto, Calif. : _cebrary, _d2013. _nAvailable via World Wide Web. _nAccess may be limited to ebrary affiliated libraries. |
||
| 650 | 0 |
_aEconomic indicators _zUnited States. |
|
| 650 | 0 |
_aInvestments _zUnited States. |
|
| 655 | 7 |
_aElectronic books. _2local |
|
| 710 | 2 | _aebrary, Inc. | |
| 830 | 0 | _aBloomberg financial series. | |
| 856 | 4 | 0 |
_uhttp://site.ebrary.com/lib/rucke/Doc?id=10580228 _zAn electronic book accessible through the World Wide Web; click to view |
| 999 |
_c84735 _d84735 |
||